000 nam a22 7a 4500
999 _c15762
_d15762
008 161104b xxu||||| |||| 00| 0 eng d
020 _a0874847931
050 _aLC 4031 .G55 1988
100 _aGloeckler, Ted
245 _aExceptional students in regular classrooms :
_bchallenges, services, and methods/
_cTed Gloeckler and Carol Simpson.
260 _aCalifornia :
_bMayfield publishing company,
_c1988.
300 _aix, 438p. :
_bill. ;
_c24cm.
500 _aInclude index.
650 _aHandicapped chidren
_xeducation
_yUnited States.
650 _aMainstreaming in education
_xUnited States.
650 _aSpecial education
_xUnited States.
700 _aSipson, Carol.
942 _2lcc
_cBOOKS
_hLC 4031 .G55 1988
_02